01645nam a2200361Ia 4500001001200000003000800012006001900020007001500039008004100054010001700095020001500112020001800127020001800145040002100163035002100184050002500205245012200230260006900352300002400421490002100445500019200466504004100658533015200699650005800851650004400909650006000953650005401013655002901067700001901096710001701115830002501132856012601157ebr10684316CaPaEBRm u cr cn|||||||||061122s2007 dcua sb 100 0 eng d z 2006939068 z0883851814 z9780883851814 z9780883859773 aCaPaEBRcCaPaEBR a(OCoLC)81796264414aQA20.P73bW37 2007eb00aWar stories from applied mathh[electronic resource] :bundergraduate consultancy projects /cedited by Robert Fraga. a[Washington, DC] :bMathematical Association of America,cc2007. avii, 147 p. :bill.1 aMAA notes ;v#71 aContributing authors provided updates to their transcripts which were originally presented at a workshop held in 1996 at Marquette University, Milwaukee, Wis.; also includes new content. aIncludes bibliographical references. aElectronic reproduction.bPalo Alto, Calif. :cebrary,d2013.nAvailable via World Wide Web.nAccess may be limited to ebrary affiliated libraries. 0aMathematicsxStudy and teaching (Higher)vCongresses. 0aProject method in teachingvCongresses. 0aIndustrial managementxMathematical modelsvCongresses. 0aCollege student development programsvCongresses. 7aElectronic books.2local1 aFraga, Robert.2 aebrary, Inc. 0aMAA notes ;vno. 71.40uhttp://site.ebrary.com/lib/rucke/Doc?id=10684316zAn electronic book accessible through the World Wide Web; click to view